Top 30 richest countries - Statistics

General Stats
  • This quiz has been taken 602 times
  • The average score is 23 of 30
Answer Stats
Hint Answer % Correct
1 USA
100%
8 UK
96%
2 China
95%
9 France
94%
5 Germany
94%
13 Canada
92%
4 Japan
92%
6 Russia
92%
3 India
91%
11 Italy
91%
14 Spain
89%
17 Australia
87%
10 Mexico
85%
19 Saudi Arabia
83%
12 South Korea
82%
22 Argentina
78%
15 Indonesia
78%
25 South Africa
76%
27 Egypt
74%
16 Turkey
72%
18 Iran
71%
21 Poland
68%
23 Netherlands
67%
26 Pakistan
64%
24 Thailand
62%
30 Nigeria
58%
28 Malaysia
55%
20 Taiwan
54%
29 Colombia
49%
7 Brasil
28%
No matching quizzes found
Score Distribution
Percent of People with Each Score
Percentile by Number Answered
Your Score History
You have not taken this quiz